Back to the future - the Garden City centenary (Record no. 73481)

MARC details
000 -LEADER
fixed length control field 01353cam a2200241 4500
001 - CONTROL NUMBER
control field ABS67100
008 - FIXED-LENGTH DATA ELEMENTS--GENERAL INFORMATION
fixed length control field 030930n2003 000 0 eng u
035 ## - SYSTEM CONTROL NUMBER
System control number (Sirsi) u123751
100 ## - MAIN ENTRY--PERSONAL NAME
Personal name Miller, M.
245 ## - TITLE STATEMENT
Title Back to the future - the Garden City centenary
260 ## - PUBLICATION, DISTRIBUTION, ETC.
Date of publication, distribution, etc. 2003
490 ## - SERIES STATEMENT
Series statement Town & Country Planning
Volume/sequential designation 72(7) August 2003, 200-203(4)
520 ## - SUMMARY, ETC.
Summary, etc. Provides a centenary history of Letchworth Garden City, which remains today a paradigm of community planning. Describes Letchworth's development from Ebenezer Howard's vision and the master layout plan prepared by Barry Parker and Raymond Unwin, to the 13.6 mile Garden City Greenway opened in May 2003. Notes some of the keys to Letchworth's enduring success such as the benefit of retaining the land value increment in trust for the community and the concept of a city as being a self-sufficient and social entity. Concludes that Letchworth still has much to offer to those who will be developing the new settlements as envisaged by the Community Plan. References
590 ## - LOCAL NOTE (RLIN)
Local note ABS
650 ## - SUBJECT ADDED ENTRY--TOPICAL TERM
Topical term or geographic name entry element COMMUNITY DEVELOPMENT
650 ## - SUBJECT ADDED ENTRY--TOPICAL TERM
Topical term or geographic name entry element COMMUNITY PLANNING
650 ## - SUBJECT ADDED ENTRY--TOPICAL TERM
Topical term or geographic name entry element TOWN AND COUNTRY PLANNING
650 ## - SUBJECT ADDED ENTRY--TOPICAL TERM
Topical term or geographic name entry element LETCHWORTH GARDEN CITY
650 ## - SUBJECT ADDED ENTRY--TOPICAL TERM
Topical term or geographic name entry element TOWN PLANNING
650 ## - SUBJECT ADDED ENTRY--TOPICAL TERM
Topical term or geographic name entry element GARDEN CITIES
690 ## - LOCAL SUBJECT ADDED ENTRY--TOPICAL TERM (OCLC, RLIN)
Topical term or geographic name as entry element ENVIRONMENTAL AND LAND CONSULTANCY-PLANNING AND DEVELOPMENT
942 ## - ADDED ENTRY ELEMENTS (KOHA)
Suppress in OPAC 0
Holdings
Withdrawn status Lost status Source of classification or shelving scheme Damaged status Not for loan Home library Current library Shelving location Date acquired Total Checkouts Full call number Barcode Date last seen Copy number Price effective from Koha item type
    Dewey Decimal Classification     London London Journal article 30/09/2003   ABS67100 123751-1001 06/08/2019 1 06/08/2019 Journal article